German philosophers : Kant, Hegel, Schopenhauer and Nietzsche (Record no. 77457)
[ view plain ]
| 000 -LEADER | |
|---|---|
| fixed length control field | 00884nam a22002777a 4500 |
| 005 - DATE AND TIME OF LATEST TRANSACTION | |
| control field | 20230628065511.0 |
| 008 - FIXED-LENGTH DATA ELEMENTS--GENERAL INFORMATION | |
| fixed length control field | 230427b |||||||| |||| 00| 0 eng d |
| 020 ## - INTERNATIONAL STANDARD BOOK NUMBER | |
| International Standard Book Number | 9780192854247 |
| Qualifying information | Paperback |
| 040 ## - CATALOGING SOURCE | |
| Original cataloging agency | CBULib |
| Transcribing agency | CBULib |
| 041 ## - LANGUAGE CODE | |
| Language code of text/sound track or separate title | eng |
| 050 ## - LIBRARY OF CONGRESS CALL NUMBER | |
| Classification number | B 2741 Scr |
| 100 ## - MAIN ENTRY--PERSONAL NAME | |
| Personal name | Scruton, Roger |
| 245 ## - TITLE STATEMENT | |
| Title | German philosophers : Kant, Hegel, Schopenhauer and Nietzsche |
| Remainder of title | / by Rodger Scruton (and three others) |
| 260 ## - PUBLICATION, DISTRIBUTION, ETC. | |
| Place of publication, distribution, etc. | Oxford, |
| Name of publisher, distributor, etc. | Oxford University, |
| Date of publication, distribution, etc. | 1997 |
| 300 ## - PHYSICAL DESCRIPTION | |
| Extent | vii, 446 pages |
| 600 ## - SUBJECT ADDED ENTRY--PERSONAL NAME | |
| Source of heading or term | CIP DATA |
| Personal name | SCRUTON, RODGER |
| 600 ## - SUBJECT ADDED ENTRY--PERSONAL NAME | |
| Source of heading or term | CIP DATA |
| Personal name | SINGER, PETER |
| 600 ## - SUBJECT ADDED ENTRY--PERSONAL NAME | |
| Source of heading or term | CIP DATA |
| Personal name | JANAWAY, CHRISTOPHER |
| 600 ## - SUBJECT ADDED ENTRY--PERSONAL NAME | |
| Source of heading or term | CIP DATA |
| Personal name | TANNER, MICHEAL |
| 650 ## - SUBJECT ADDED ENTRY--TOPICAL TERM | |
| Topical term or geographic name entry element | PHILOSOPHY--GERMAN--18TH CENTURY |
| 650 ## - SUBJECT ADDED ENTRY--TOPICAL TERM | |
| Topical term or geographic name entry element | PHILOSOPHY--GERMAN--19TH CENTURY |
| Source of heading or term | CIP DATA |
| 700 ## - ADDED ENTRY--PERSONAL NAME | |
| Personal name | Singer, Peter |
| 700 ## - ADDED ENTRY--PERSONAL NAME | |
| Personal name | Janaway, Christopher |
| 700 ## - ADDED ENTRY--PERSONAL NAME | |
| Personal name | Tanner, Michael |
| 942 ## - ADDED ENTRY ELEMENTS (KOHA) | |
| Koha item type | MONOGRAPH |
| 999 ## - | |
| -- | 77457 |
| -- | 77457 |
| Withdrawn status | Lost status | Source of classification or shelving scheme | Damaged status | Not for loan | Collection code | Permanent Location | Current Location | Shelving location | Date acquired | Source of acquisition | Cost, normal purchase price | Total Checkouts | Full call number | Barcode | Date last seen | Copy number | Cost, replacement price | Price effective from | Koha item type |
|---|---|---|---|---|---|---|---|---|---|---|---|---|---|---|---|---|---|---|---|
| Main Library Open Access Collection | CBU-MAIN LIBRARY, KITWE. | CBU-MAIN LIBRARY, KITWE. | General Stacks | 04/27/2023 | DON-BOOKAID | 27.29 | B 2741 Scr | 751988 | 04/27/2023 | 1 | 26.21 | 04/27/2023 | MONOGRAPH |